000 00644nam a2200229Ia 4500
003 OSt
005 20220918174039.0
006 a|||||r|||| 00| 0
007 ta
008 220917b |||||||| |||| 00| 0 eng d
024 _a10,184
037 _cTextual
040 _aARTS
_cARTS
_beng
041 _2eng
_aeng
082 _aQ7:33w, L9.2
100 _aNu-Mani Allama Shibli
_948905
245 0 _aSirat-Un-Nabi tr into english by M Tayyib Bakhs Budayuni
260 _aDelhi
_bIdarah-I Adabiyat-I Delli
_c1979
650 _aRELIGION
942 _hQ7:33w, L9.2
_cTEXL
_2CC
999 _c151558
_d151558